Математическая статистика: учебник

Detalles Bibliográficos
Autor Principal: Соколов Г. А. Григорий Андреевич
Autor Corporativo: Российская экономическая академия им. Г. В. Плеханова
Outros autores: Гладких И. М. Иван Михайлович
Summary:В основу учебника положен курс лекций по математической статистике, читаемый авторами, для студентов экономико-математического факультета РЭА им. Г. В. Плеханова. Рассматриваются основополагающие задачи математической статистики: задачи точечного и интервального оценивания, проверки статистических гипотез и корреляционно-регрессионного анализа. В заключение дан обзор таких разделов курса, как байесовский анализ, последовательный анализ, ранговые методы и др., а также обзор некоторых разделов теории статистических решений. Весь материал сопровождается примерами и задачами для самостоятельного решения. Для студентов, аспирантов и научных работников экономико-математических и общеэкономических специальностей.
Idioma:ruso
Publicado: Москва, Экзамен, 2004
Series:Учебник для вузов
Subjects:
Formato: Libro
KOHA link:https://koha.lib.tpu.ru/cgi-bin/koha/opac-detail.pl?biblionumber=99048

MARC

LEADER 00000nam0a2200000 4500
001 99048
005 20231031111535.0
010 |a 5946929828 
035 |a (RuTPU)RU\TPU\book\106219 
090 |a 99048 
100 |a 20060627d2004 m y0rusy50 ca 
101 0 |a rus 
102 |a RU 
105 |a a j 001zy 
200 1 |a Математическая статистика  |e учебник  |f Г. А. Соколов, И. М. Гладких  |g Российская экономическая академия им. Г. В. Плеханова 
210 |a Москва  |c Экзамен  |d 2004 
215 |a 432 с.  |c ил. 
225 1 |a Учебник для вузов 
320 |a Библиогр.: с. 429-431. 
330 |a В основу учебника положен курс лекций по математической статистике, читаемый авторами, для студентов экономико-математического факультета РЭА им. Г. В. Плеханова. Рассматриваются основополагающие задачи математической статистики: задачи точечного и интервального оценивания, проверки статистических гипотез и корреляционно-регрессионного анализа. В заключение дан обзор таких разделов курса, как байесовский анализ, последовательный анализ, ранговые методы и др., а также обзор некоторых разделов теории статистических решений. Весь материал сопровождается примерами и задачами для самостоятельного решения. Для студентов, аспирантов и научных работников экономико-математических и общеэкономических специальностей. 
451 1 |0 (RuTPU)RU\TPU\book\148822  |y 5-377-00029-3  |t Математическая статистика  |o учебник  |f Г. А. Соколов, И. М. Гладких  |g Российская экономическая академия им. Г. В. Плеханова  |c М.  |n Экзамен  |d 2007  |p 432 с.  |s Учебник для вузов  |a Соколов, Григорий Андреевич 
451 |y 5-377-00086-2 
610 1 |a математическая статистика 
610 1 |a распределение 
610 1 |a законы распределения 
610 1 |a случайные величины 
610 1 |a достаточные статистики 
610 1 |a оптимальные оценки 
610 1 |a параметрические статистические гипотезы 
610 1 |a корреляционный анализ 
610 1 |a регрессивный анализ 
610 1 |a учебники 
675 |a 519.22(075.8)  |v 3 
700 1 |a Соколов  |b Г. А.  |g Григорий Андреевич 
701 1 |a Гладких  |b И. М.  |g Иван Михайлович 
712 0 2 |a Российская экономическая академия им. Г. В. Плеханова  |c (Москва)  |2 stltpush  |3 (RuTPU)RU\TPU\col\18 
801 1 |a RU  |b 63413507  |c 20060627  |g PSBO 
801 2 |a RU  |b 63413507  |c 20210623  |g PSBO 
900 |a Математическая статистика 
942 |c BK 
951 |a 521600  |b 080100 
959 |a 59/20060626  |d 1  |e 270,00  |f ЧЗТЛ:1